00788nam a2200181 a 450000100100000000500170001000800410002704000250006808200160009310000260010924500460013526000640018130000330024504900090027895201820028795201200046999900170058900002779720200930031114.0110405s1945 dr ab 000 0 spa d aDO-SdBNPbspacBNPHU axxxxbW582t1 aWhite, John W.95487410aThe land Columbus loved /cJohn W. White. aCiudad Trujillo, República Dominicana :bMontalvo,c1945. a42 p. :bil., map. ;c25 cm. aBNPD 001050718RVaPDbPDcHDd2011-04-05iLF1l0oxxxx W582tp27797-10r2020-06-25w2020-06-25y1zPerteneció a la biblioteca personal de Carlos Larrazabal Blanco.ZNo se presta 001050718RVaPDbPDcCTd2011-04-08iLF1l0oxxxx W582tp27797-20r2020-06-25te. 2w2020-06-25y1ZNo se presta c27289d27289